Metro v Bratislave
Rozhodovanie o výstavbe metra v Bratislave. Polemika o spôsobe riešenia dopravy v Bratislave. Viacero technológií výstavby. Dopravné zaťaženie sa nedá zvládnuť bez nosného systému. Centrum Bratislavy je neúnosne preťažené. Plány na výstavbu metra z roku 1992. Technické parametre a výkonnosť ľahkého...
Guardado en:
| Autor principal: | |
|---|---|
| Formato: | Capítulo de libro |
| Lenguaje: | eslovaco |
| Materias: | |
| Etiquetas: |
Sin Etiquetas, Sea el primero en etiquetar este registro!
|
MARC
| LEADER | 00000naa a2200000 4500 | ||
|---|---|---|---|
| 001 | r027231 | ||
| 005 | 20230921081145.6 | ||
| 041 | 0 | |a slo | |
| 044 | |a SK | ||
| 245 | 1 | 0 | |a Metro v Bratislave |c D. Zverková |
| 520 | |a Rozhodovanie o výstavbe metra v Bratislave. Polemika o spôsobe riešenia dopravy v Bratislave. Viacero technológií výstavby. Dopravné zaťaženie sa nedá zvládnuť bez nosného systému. Centrum Bratislavy je neúnosne preťažené. Plány na výstavbu metra z roku 1992. Technické parametre a výkonnosť ľahkého metra. Schéma trasového nosného systému mestskej hromadnej dopravy v Bratislave. | ||
| 610 | 2 | 0 | |a metrá |
| 610 | 2 | 0 | |a Bratislava |
| 610 | 2 | 0 | |a doprava hromadná mestská |
| 610 | 2 | 0 | |a projekty |
| 610 | 2 | 0 | |a Matra Transport |
| 610 | 2 | 0 | |a Dopravoprojekt, a.s. Bratislava |
| 100 | 1 | |a Zverková, Daniela | |